Catalog

Record Details

Catalog Search



Von der Stellvertretung Gottes : Christlicher Glaube in der Erfahrung der Verborgenheit Gottes, zum Gespräch mit Dorothee Sölle Cover Image Book Book

Von der Stellvertretung Gottes : Christlicher Glaube in der Erfahrung der Verborgenheit Gottes, zum Gespräch mit Dorothee Sölle Helmut Gollwitzer

Gollwitzer, Helmut (Author).

Record details

  • Physical Description: 162 S.
  • Publisher: München Chr. Kaiser Verlag 1967

Available copies

  • 1 of 1 copy available at Common Catalog SPOK.

Holds

  • 0 current holds with 1 total copy.
Show Only Available Copies
Location Call Number / Copy Notes Barcode Shelving Location Status Due Date
ETS Library 230.044 424470002866 Volný výběr Available -

LDR 00801nam a2 00229
00141519
003CZ-PrJAB
00520040309000000.0
008030509s1967 xr e |||| |ger
009ge
035 . ‡a(CONS)9863
035 . ‡aKPS11467
040 . ‡aABG450
041 . ‡ager
08214. ‡a230.044
100 . ‡71671 ‡aGollwitzer, Helmut
245 . ‡aVon der Stellvertretung Gottes : ‡bChristlicher Glaube in der Erfahrung der Verborgenheit Gottes, zum Gespräch mit Dorothee Sölle ‡cHelmut Gollwitzer
260 . ‡aMünchen ‡bChr. Kaiser Verlag ‡c1967
300 . ‡a162 S.
653 . ‡aStellvertretung Gottes ‡aChristlicher Glaube in der Erfahrung der Verborgenheit Gottes, zum Gespräch mit Dorothee Sölle
8524 . ‡bETS ‡bETS ‡cVolný výběr ‡j230.044 ‡gA ‡p424470002866
910 . ‡aABG450
999 . ‡a9863 ‡bAUTOGEN ‡c9863 ‡tbiblio
905 . ‡uadmin
901 . ‡a41519 ‡b ‡c41519 ‡tbiblio ‡sets

Additional Resources